[Event "Elit(Vasteras-LASK)"]
[Site "?"]
[Date "2022.03.20"]
[Round "5"]
[White "Bergstrom, Peter"]
[Black "Nord, Alexander"]
[Result "1-0"]
[WhiteElo "2297"]
[BlackElo "2173"]
[PlyCount "135"]

1. e4 c5 2. Nf3 d6 3. Bb5+ Nd7 4. d4 cxd4 5. Qxd4 a6 6. Bxd7+ Bxd7 7. Nc3 e5 8.
Qd3 Rc8 9. O-O h6 10. Rd1 Nf6 11. Nd2 Bg4 12. f3 Be6 13. Nf1 Qc7 14. Ne3 Be7
15. Kh1 O-O 16. Bd2 b5 17. a3 Qb7 18. Rac1 Rfd8 19. Be1 Nh5 20. Ned5 Nf4 21.
Nxf4 Bc4 22. Qd2 exf4 23. Nd5 Bxd5 24. Qxd5 Qxd5 25. Rxd5 Bf6 26. c3 Kf8 27.
Rcd1 Ke7 28. g3 Be5 29. Kg2 Rc5 30. R5d3 Rdc8 31. Bd2 fxg3 32. hxg3 R5c6 33. f4
Bf6 34. Kf3 Ke8 35. Rd5 Be7 36. Be3 Rb8 37. Bd4 f6 38. Be3 Kf7 39. g4 Ke6 40.
Rg1 Rc4 41. Rh1 Rb7 42. Rhd1 Rc6 43. Bf2 Rb8 44. Bg3 Rbb6 45. Bh2 Kf7 46. Bg1
Rb7 47. Bf2 Ke6 48. Bh4 Rb8 49. Bg3 Rbb6 50. Bf2 Rb8 51. Bd4 Rb7 52. Ra1 Rb8
53. b4 Bd8 54. a4 bxa4 55. Rxa4 Rbc8 56. Ra3 Ke7 57. Ke2 Ke6 58. Kd3 Ke7 59.
Ra1 Ke6 60. Rh5 Bc7 61. Ra2 Bb8 62. Rha5 Bc7 63. Rxa6 Rxa6 64. Rxa6 Kd7 65. Ra7
Rb8 66. Kc4 Kc6 67. b5+ Rxb5 68. Rxc7+ 1-0

[Event "Elit(SK Rockaden, Stockholm-Eksjo)"]
[Site "?"]
[Date "2022.03.20"]
[Round "5"]
[White "Malesevic, Nedeljko"]
[Black "Bator, Robert"]
[Result "1/2-1/2"]
[WhiteElo "2234"]
[BlackElo "2356"]
[PlyCount "44"]

1. d4 d5 2. Nf3 e6 3. c4 dxc4 4. e3 a6 5. a4 Nf6 6. Bxc4 c5 7. O-O Nc6 8. Qe2
cxd4 9. Rd1 Be7 10. exd4 O-O 11. Nc3 Nb4 12. Ne5 b6 13. Bg5 Bb7 14. Bxf6 gxf6
15. Nd3 a5 16. Nxb4 axb4 17. Nb5 Rc8 18. Rd3 Kh8 19. Rg3 Rg8 20. Rd1 Rxg3 21.
hxg3 Bd5 22. b3 Qd7 1/2-1/2

[Event "Elit(Vasteras-LASK)"]
[Site "?"]
[Date "2022.03.20"]
[Round "5"]
[White "Jogstad, Martin"]
[Black "Eriksson, Anders"]
[Result "1-0"]
[WhiteElo "2349"]
[BlackElo "2233"]
[PlyCount "187"]

1. d4 Nf6 2. Nf3 e6 3. g3 b5 4. Bg2 Bb7 5. O-O c5 6. c3 Na6 7. Bg5 Be7 8. Nbd2
O-O 9. a4 b4 10. Nc4 bxc3 11. bxc3 cxd4 12. cxd4 Nb4 13. Bxf6 gxf6 14. Qd2 Rc8
15. Rfc1 Ba6 16. Ne3 d5 17. Bh3 Kh8 18. Rxc8 Bxc8 19. a5 Nc6 20. Rc1 Bd7 21. a6
Nb4 22. Ng4 Nxa6 23. Qh6 Nb4 24. Rc7 Rg8 25. Rxa7 Nc6 26. Ra1 Qf8 27. Qf4 Qb8
28. Qc1 Rg6 29. Ne3 f5 30. Ng2 Rg8 31. Nf4 Qd6 32. Nd3 f6 33. Rb1 e5 34. Nc5 e4
35. Nb7 Qc7 36. Nh4 Rb8 37. Qh6 Kg8 38. Bxf5 Bxf5 39. Nxf5 Bf8 40. Qxf6 Rxb7
41. Rc1 Rb6 42. Qg5+ Kh8 43. Ne3 Qf7 44. Nxd5 h6 45. Qf4 Qxf4 46. Nxf4 Nxd4 47.
Rc8 Kg7 48. Rc4 Ne6 49. Rxe4 Nxf4 50. Rxf4 Rb2 51. Kf1 Bd6 52. Rd4 Be5 53. Rc4
Rd2 54. Rc6 Bf6 55. e3 Ra2 56. Kg2 Be7 57. Re6 Bb4 58. Re4 Be1 59. Rf4 Kg6 60.
Rf8 Kg7 61. Rf4 Kg6 62. Kf1 Ba5 63. Rc4 Ra1+ 64. Kg2 Ra2 65. Rc1 Bd2 66. Rc6+
Kg7 67. Kf1 Bb4 68. h4 h5 69. Rc4 Rb2 70. Rc1 Kg6 71. Rc6+ Kg7 72. Rc1 Kg6 73.
Kg2 Bd2 74. Rc6+ Kg7 75. Kf1 Ba5 76. Rc5 Rb1+ 77. Kg2 Be1 78. Rxh5 Rb2 79. Rf5
Bd2 80. Kh3 Be1 81. f3 Bd2 82. e4 Rb3 83. Kg4 Be1 84. Rd5 Kf7 85. Rd1 Bf2 86.
Rf1 Rb2 87. f4 Bb6 88. Rf3 Kg6 89. Rc3 Bf2 90. e5 Rb4 91. Kf3 Bd4 92. Rc6+ Kf7
93. g4 Ra4 94. h5 1-0

[Event "Elit(SK Rockaden, Stockholm-Eksjo)"]
[Site "?"]
[Date "2022.03.20"]
[Round "5"]
[White "Trost, Edvin"]
[Black "Rothen, Hakan"]
[Result "1-0"]
[WhiteElo "2245"]
[BlackElo "2247"]
[PlyCount "61"]

1. d4 Nf6 2. c4 e6 3. Nc3 Bb4 4. g3 O-O 5. Bg2 c5 6. Nf3 cxd4 7. Nxd4 Qc7 8.
Qb3 Bxc3+ 9. Qxc3 a6 10. O-O d6 11. Rd1 Nc6 12. Qa3 Rd8 13. Nb5 axb5 14. Qxa8
bxc4 15. Bf4 e5 16. Bxc6 bxc6 17. Bd2 Nd7 18. Qa5 Nb6 19. Be3 c5 20. b4 cxb3
21. axb3 Bb7 22. f3 Qc6 23. Qxc5 Nd5 24. Qxc6 Bxc6 25. Bf2 Nc3 26. Rd2 Bb5 27.
e4 f5 28. Bb6 Rd7 29. exf5 Kf7 30. Kf2 d5 31. Ba5 1-0

[Event "Elit(Vasteras-LASK)"]
[Site "?"]
[Date "2022.03.20"]
[Round "5"]
[White "Petersson, Baldur Teodor"]
[Black "Storme, Isak"]
[Result "1/2-1/2"]
[WhiteElo "2242"]
[BlackElo "2350"]
[PlyCount "29"]
[EventDate "2022.??.??"]

1. e4 e5 2. Nf3 Nc6 3. Nc3 Nf6 4. d4 exd4 5. Nxd4 Bb4 6. Nxc6 bxc6 7. Bd3 d5 8.
exd5 O-O 9. O-O Bg4 10. f3 Bh5 11. dxc6 Qd4+ 12. Kh1 Bxc3 13. bxc3 Qxc3 14. Rb1
Bg6 15. Bb2 1/2-1/2

[Event "Elit(Team Pelaro Alingsas-Vaxjo)"]
[Site "?"]
[Date "2022.03.19"]
[Round "4"]
[White "Bergre, Joachim"]
[Black "Wihlborn, Bengt"]
[Result "1/2-1/2"]
[WhiteElo "1944"]
[BlackElo "1822"]
[PlyCount "85"]
[EventDate "2022.??.??"]

1. Nf3 d5 2. c4 d4 3. b4 a5 4. b5 Nf6 5. g3 g6 6. d3 Bg7 7. Bg2 O-O 8. O-O Re8
9. Nbd2 c5 10. bxc6 Nxc6 11. Rb1 Nd7 12. h4 Ra6 13. Ne4 Rb6 14. Ba3 Rxb1 15.
Qxb1 b6 16. Nfg5 Qc7 17. Nh3 Bf8 18. Nf4 e6 19. Bxf8 Rxf8 20. Qb5 Bb7 21. Rb1
Ba8 22. a3 Qe5 23. Bh3 Rc8 24. Bg2 Qxb5 25. Rxb5 Na7 26. Rb1 Kg7 27. Nh3 h6 28.
f4 f5 29. Nd6 Rb8 30. Bxa8 Rxa8 31. Kf1 Rb8 32. Ng1 Nc5 33. Nf3 Nc6 34. Kf2 Na4
35. Nb5 Rd8 36. Ke1 Kf6 37. Kd2 Rd7 38. Kc2 Rd8 39. Rh1 h5 40. Re1 Nc5 41. Rb1
Na4 42. Re1 Nc5 43. Rb1 1/2-1/2

[Event "Elit(LASK-Wasa)"]
[Site "?"]
[Date "2022.03.19"]
[Round "4"]
[White "Nord, Alexander"]
[Black "Nordstrom, Felix"]
[Result "1/2-1/2"]
[WhiteElo "2173"]
[BlackElo "2079"]
[PlyCount "88"]

1. e4 c5 2. Nf3 e6 3. d4 cxd4 4. Nxd4 Nf6 5. Nc3 d6 6. g3 Nc6 7. Bg2 Bd7 8. O-O
a6 9. a4 Qc7 10. h3 Be7 11. Nde2 O-O 12. g4 Bc8 13. Ng3 Rb8 14. f4 Re8 15. g5
Nd7 16. h4 Bf8 17. h5 b5 18. axb5 axb5 19. Nce2 Bb7 20. Be3 Ra8 21. Rxa8 Bxa8
22. f5 Nce5 23. g6 fxg6 24. hxg6 hxg6 25. fxe6 Rxe6 26. Nd4 Rf6 27. Nxb5 Qb8
28. Qe2 Bb7 29. Nd4 Be7 30. b3 Rxf1+ 31. Nxf1 Bf6 32. Nd2 Qc7 33. c4 Qa5 34.
Nb5 Be7 35. Bh3 Nf8 36. Bg2 Nfd7 37. Nf1 Qb4 38. Nd4 Bf6 39. Qd2 Qxd2 40. Nxd2
Ng4 41. Nc2 Nxe3 42. Nxe3 Bd4 43. Kf2 Nc5 44. Ke2 Bc3 1/2-1/2

[Event "Elit(Stockholms SS-Eksjo)"]
[Site "?"]
[Date "2022.03.19"]
[Round "4"]
[White "Thorn, Eric"]
[Black "Rothen, Hakan"]
[Result "1-0"]
[WhiteElo "2341"]
[BlackElo "2247"]
[PlyCount "93"]

1. d4 e6 2. Nf3 f5 3. g3 Nf6 4. Bg2 d5 5. O-O Be7 6. c4 Ne4 7. Qc2 c6 8. Nbd2
O-O 9. Ne5 Nd7 10. Nd3 Ndf6 11. Nf3 Nd6 12. b3 Nf7 13. a4 a5 14. Ba3 Bxa3 15.
Rxa3 Qe7 16. Ra2 Bd7 17. Rc1 Rfc8 18. Qd2 b6 19. Nfe5 Nxe5 20. Nxe5 Ng4 21. Nd3
Qd6 22. Rac2 dxc4 23. Rxc4 e5 24. h3 e4 25. hxg4 exd3 26. gxf5 dxe2 27. Qxe2
Rc7 28. Qe5 Qxe5 29. dxe5 Rac8 30. g4 c5 31. Bd5+ Kf8 32. Rf4 Bc6 33. Bc4 Re8
34. Re1 Rce7 35. e6 h6 36. g5 hxg5 37. Rg4 Rd8 38. Kh2 Rd4 39. Rxd4 cxd4 40.
Kg3 Rc7 41. Kg4 Bxa4 42. Kxg5 Rxc4 43. bxc4 d3 44. f6 d2 45. Rh1 gxf6+ 46. Kxf6
Kg8 47. e7 1-0

[Event "Elit(Kungstornet-Vasteras)"]
[Site "?"]
[Date "2022.03.19"]
[Round "4"]
[White "Sjodahl, Pontus"]
[Black "Lyrberg, Patrik"]
[Result "1-0"]
[WhiteElo "2410"]
[BlackElo "2462"]
[PlyCount "99"]
[SourceDate "2022.03.24"]

1. d4 Nf6 2. c4 e6 3. Nc3 Bb4 4. e3 O-O 5. Bd3 d5 6. cxd5 exd5 7. Nge2 Bd6 8.
Nb5 Be7 9. O-O a6 10. Nbc3 c5 11. dxc5 Bxc5 12. Bc2 Nc6 13. Bb3 d4 14. exd4
Nxd4 15. Nxd4 Qxd4 16. Be3 Qxd1 17. Nxd1 Bxe3 18. Nxe3 Bd7 19. Rfd1 Rac8 20.
Rd4 Rc7 21. f3 Re8 22. Kf2 Be6 23. Bxe6 Rxe6 24. Rd8+ Re8 25. Rxe8+ Nxe8 26.
Rd1 Kf8 27. Ke2 g6 28. g4 Nf6 29. h4 Rd7 30. Rxd7 Nxd7 31. Kd3 Ke7 32. Kd4 Ke6
33. a4 Ne5 34. Ke4 f5+ 35. gxf5+ gxf5+ 36. Nxf5 Nxf3 37. Ng7+ Kf7 38. Kxf3 Kxg7
39. a5 Kf6 40. Kf4 Kg6 41. Kg4 Kh6 42. h5 Kg7 43. Kg5 Kf7 44. Kh6 Kg8 45. b3
Kh8 46. Kg5 Kg7 47. h6+ Kf7 48. Kf5 Ke7 49. Ke5 Kf7 50. Kd6 1-0

[Event "Elit(Limhamn-SK Rockaden,Sthlm)"]
[Site "?"]
[Date "2022.03.19"]
[Round "4"]
[White "Blomqvist, Erik"]
[Black "Johansson, Linus"]
[Result "1-0"]
[WhiteElo "2536"]
[BlackElo "2473"]
[PlyCount "97"]

1. e4 e6 2. d4 d5 3. e5 c5 4. c3 Qb6 5. Nf3 Nc6 6. a3 c4 7. Nbd2 Na5 8. Rb1 Bd7
9. h4 Qc7 10. g3 Ne7 11. Bh3 Nc8 12. Nf1 h6 13. Bf4 Nb6 14. Ne3 O-O-O 15. g4 g6
16. Nd2 Be7 17. Bg3 Rdf8 18. Bg2 g5 19. Qe2 a6 20. Kf1 Kb8 21. Kg1 Ka7 22. f4
gxh4 23. Bxh4 Bxh4 24. Rxh4 f6 25. Nf3 Nc6 26. Rf1 Be8 27. exf6 Rxf6 28. Ne5
Nxe5 29. dxe5 Rff8 30. Qd2 Nd7 31. Qd4+ Kb8 32. f5 Nxe5 33. fxe6 Rxf1+ 34. Nxf1
Bg6 35. Ne3 Rf8 36. Rxh6 Be4 37. Bxe4 dxe4 38. Qxe4 Nd3 39. Nf5 Qb6+ 40. Qd4
Qxb2 41. e7 Rg8 42. Re6 Re8 43. Ng3 Qd2 44. Re2 Qg5 45. Qd7 Qg6 46. Re6 Qf7 47.
Nf5 Ka7 48. Qd4+ Kb8 49. Rd6 1-0

[Event "Elit(Kungstornet-Vasteras)"]
[Site "?"]
[Date "2022.03.19"]
[Round "4"]
[White "Cicak, Slavko"]
[Black "Pantzar, Milton"]
[Result "0-1"]
[WhiteElo "2488"]
[BlackElo "2434"]
[PlyCount "126"]

1. c4 e6 2. Nf3 d5 3. e3 Nf6 4. b3 b6 5. Bb2 Bb7 6. cxd5 exd5 7. g3 Nbd7 8. d3
Bd6 9. Bg2 O-O 10. O-O Re8 11. Nc3 a6 12. Re1 b5 13. a4 b4 14. Nb1 c5 15. Nbd2
Bf8 16. Qc2 Rc8 17. Rad1 Qc7 18. Bh3 Rcd8 19. e4 h5 20. e5 Ng4 21. d4 Be7 22.
Qf5 g6 23. Qf4 Nf8 24. Bxg4 hxg4 25. Qxg4 Bc8 26. Qf4 Ne6 27. Qh6 Bf8 28. Qe3
Bb7 29. Rc1 Qd7 30. Rc2 Bg7 31. dxc5 d4 32. Qd3 Rc8 33. Ne4 Qd5 34. Qc4 Qd7 35.
Qxb4 Rb8 36. Qc4 Rec8 37. Nxd4 Bd5 38. Qd3 Bxb3 39. Rd2 Bxa4 40. Qxa6 Rxb2 41.
c6 Bxc6 42. Rxb2 Nxd4 43. Ng5 Bh6 44. e6 fxe6 45. Rd2 Bg7 46. h4 e5 47. Qa2+
Bd5 48. Qb1 Qf5 49. Qxf5 gxf5 50. f4 e4 51. Kf2 Bb3 52. Re3 Bf6 53. Kg2 Ba4 54.
Ra3 Rc4 55. h5 Nc2 56. Rxa4 Ne3+ 57. Kf2 Ng4+ 58. Ke2 Rxa4 59. Rc2 Ra8 60. Nh3
Rb8 61. Nf2 Nxf2 62. Kxf2 Rb2 63. Rxb2 Bxb2 0-1

[Event "Elit(Limhamn-SK Rockaden,Sthlm)"]
[Site "?"]
[Date "2022.03.19"]
[Round "4"]
[White "Brynell, Stellan"]
[Black "Socko, Bartosz"]
[Result "0-1"]
[WhiteElo "2409"]
[BlackElo "2642"]
[PlyCount "80"]

1. d4 Nf6 2. Nf3 e6 3. g3 b5 4. Bg2 Bb7 5. O-O c5 6. Bg5 cxd4 7. Nxd4 Bxg2 8.
Kxg2 a6 9. e4 Be7 10. e5 Nd5 11. Bxe7 Nxe7 12. Nc3 Nbc6 13. Nxc6 dxc6 14. Ne4
O-O 15. Qxd8 Rfxd8 16. Rfd1 Rd5 17. f4 Rad8 18. Rxd5 cxd5 19. Nc5 Rc8 20. b4 a5
21. a3 d4 22. Kf3 Nd5 23. Nd3 a4 24. Nc5 Nc3 25. g4 Kf8 26. f5 Ke7 27. Re1 Rd8
28. h4 Nd5 29. h5 Ne3 30. h6 exf5 31. gxf5 Nxf5 32. hxg7 Nxg7 33. Ke4 h5 34.
Rg1 Rg8 35. Nb7 h4 36. Nd6 h3 37. Nxb5 Nh5 38. Re1 h2 39. Nxd4 Rg1 40. Nf5+ Kd7
0-1

[Event "Elit(Kungstornet-Vasteras)"]
[Site "?"]
[Date "2022.03.19"]
[Round "4"]
[White "Carlsson, Ludvig"]
[Black "Couso, Luis"]
[Result "1-0"]
[WhiteElo "2355"]
[BlackElo "2263"]
[PlyCount "53"]

1. d4 Nf6 2. c4 c5 3. d5 b5 4. cxb5 a6 5. e3 Bb7 6. Nc3 e6 7. dxe6 fxe6 8. Nf3
Be7 9. Be2 axb5 10. Bxb5 O-O 11. O-O Qc7 12. Be2 d5 13. b3 Nbd7 14. Bb2 Ng4 15.
h3 Rxf3 16. hxg4 Rf7 17. Qd2 Raf8 18. Rac1 Bd6 19. Nb5 Bh2+ 20. Kh1 Qd8 21.
Kxh2 Rxf2 22. Kg1 Qh4 23. Qe1 Rxg2+ 24. Kxg2 d4+ 25. Bf3 Qxg4+ 26. Qg3 Bxf3+
27. Rxf3 1-0

[Event "Elit(Limhamn-SK Rockaden,Sthlm)"]
[Site "?"]
[Date "2022.03.19"]
[Round "4"]
[White "Barkhagen, Jonas"]
[Black "Schneider, Stefan"]
[Result "1-0"]
[WhiteElo "2439"]
[BlackElo "2375"]
[PlyCount "145"]

1. d4 Nf6 2. c4 e6 3. Nf3 Bb4+ 4. Nbd2 O-O 5. g3 b6 6. Bg2 Bb7 7. O-O d5 8. Ne5
Be7 9. Qa4 c5 10. cxd5 Nxd5 11. Ndf3 cxd4 12. Nxd4 Qc7 13. Nd3 a6 14. Bd2 b5
15. Qd1 Qb6 16. Nb3 a5 17. e4 a4 18. exd5 axb3 19. Qxb3 exd5 20. Be3 d4 21.
Bxd4 Qxd4 22. Bxb7 Ra5 23. Rfe1 Bf6 24. Bd5 Qa7 25. Ne5 Bxe5 26. Rxe5 Qd7 27.
Rae1 Nc6 28. Bxc6 Qxc6 29. Rd5 g6 30. Ree5 Qc1+ 31. Kg2 Qc6 32. Kg1 Qc1+ 33.
Rd1 Qc6 34. a3 Rb8 35. Rdd5 Qc1+ 36. Kg2 Qc6 37. Qf3 Kg7 38. Rc5 Qa6 39. Re7
Qf6 40. Qxf6+ Kxf6 41. Ree5 h5 42. h3 Rb6 43. g4 hxg4 44. hxg4 Re6 45. g5+ Ke7
46. Red5 Rb6 47. Kg3 Ke6 48. f4 Rb7 49. Rd4 Ke7 50. Re5+ Kf8 51. Rd8+ Kg7 52.
Ree8 f5 53. Rg8+ Kh7 54. Rh8+ Kg7 55. Rdg8+ Kf7 56. Rh7+ Kxg8 57. Rxb7 Kf8 58.
Kf3 Ke8 59. Ke3 Kf8 60. Kd4 Kg8 61. Kd3 Kf8 62. Rd7 Ke8 63. Rd4 Ke7 64. Kc3 Ke6
65. Kb4 Ra8 66. Kc5 Rc8+ 67. Kb6 Rb8+ 68. Ka6 Ra8+ 69. Kb7 Ra5 70. b4 Rxa3 71.
Kc6 Re3 72. Kxb5 Re4 73. Kc5 1-0

[Event "Elit(Kungstornet-Vasteras)"]
[Site "?"]
[Date "2022.03.19"]
[Round "4"]
[White "von Bahr, Oskar"]
[Black "Akesson, Ralf"]
[Result "1/2-1/2"]
[WhiteElo "2386"]
[BlackElo "2396"]
[PlyCount "117"]

1. e4 c5 2. Nf3 d6 3. Bb5+ Bd7 4. Bxd7+ Qxd7 5. c4 Nc6 6. d4 cxd4 7. Nxd4 Nf6
8. Nc3 g6 9. f3 Bg7 10. Be3 O-O 11. O-O a6 12. Qd3 Ne5 13. Qe2 e6 14. b3 Rfe8
15. Rfd1 Rad8 16. Rac1 Qc7 17. Kh1 Qb8 18. Bg5 h6 19. Bh4 g5 20. Bf2 Ng6 21.
Qf1 g4 22. Bg3 Nh5 23. f4 Nxg3+ 24. hxg3 Qa7 25. Nce2 Qc5 26. f5 Nf8 27. b4 Qe5
28. Qf4 Qxf4 29. gxf4 exf5 30. Nxf5 Rxe4 31. Neg3 Re6 32. c5 d5 33. Nd6 b6 34.
Ngf5 bxc5 35. bxc5 Rd7 36. Rxd5 Rc7 37. c6 Bb2 38. Rc2 Ba3 39. Rd3 Bxd6 40.
Rxd6 Rxd6 41. Nxd6 Ne6 42. Nb7 Nxf4 43. Rc4 Ng6 44. Na5 Ne5 45. Rb4 Rc8 46. Rb6
g3 47. Kg1 f5 48. Kf1 Kf7 49. Rxa6 Ke6 50. Ke2 f4 51. Ra7 f3+ 52. Kf1 f2 53.
Rg7 Ra8 54. c7 Kd6 55. Nb7+ Kc6 56. Nd8+ Kd6 57. Nb7+ Kc6 58. Nd8+ Kd6 59. Nb7+
1/2-1/2

[Event "Elit(Limhamn-SK Rockaden,Sthlm)"]
[Site "?"]
[Date "2022.03.19"]
[Round "4"]
[White "Jepson, Christian"]
[Black "Seo, Jung Min"]
[Result "1-0"]
[WhiteElo "2402"]
[BlackElo "2466"]
[PlyCount "69"]

1. Nf3 d5 2. g3 Nf6 3. Bg2 c6 4. O-O Bf5 5. c4 dxc4 6. a4 e6 7. Na3 Qd5 8. b3
cxb3 9. d3 Bg4 10. Nc4 Bxf3 11. Bxf3 Qd7 12. Qxb3 Na6 13. Rb1 Nc5 14. Qc2 Nd5
15. e4 Nb6 16. Rxb6 axb6 17. Nxb6 Qd8 18. Nxa8 Qxa8 19. d4 Na6 20. d5 e5 21.
Be2 Nb4 22. Qb3 Bd6 23. Bd2 c5 24. Bb5+ Kf8 25. f4 f6 26. Qc3 Kg8 27. fxe5 Bxe5
28. Qxc5 Na6 29. Qb6 h5 30. Qe6+ Kh7 31. Qf5+ Kg8 32. Qe6+ Kh7 33. Rf5 Bd4+ 34.
Kg2 Nc5 35. Qf7 1-0

[Event "Elit(Kungstornet-Vasteras)"]
[Site "?"]
[Date "2022.03.19"]
[Round "4"]
[White "Norberg, Johan"]
[Black "Andersson, Fredrik"]
[Result "1/2-1/2"]
[WhiteElo "2286"]
[BlackElo "2267"]
[PlyCount "48"]

1. g3 d5 2. Bg2 Nf6 3. Nf3 c6 4. O-O Bg4 5. d4 Nbd7 6. Nbd2 e6 7. Re1 Be7 8. c4
O-O 9. Qb3 Qb6 10. Qxb6 axb6 11. cxd5 cxd5 12. Nf1 Rfc8 13. a3 h6 14. Bd2 Ne4
15. Rec1 Nxd2 16. N1xd2 Bf6 17. e3 Kf8 18. Ne1 Ke7 19. f4 Kd8 20. h3 Bf5 21.
Nef3 Rxc1+ 22. Rxc1 Rc8 23. Rxc8+ Kxc8 24. Kf2 Kc7 1/2-1/2

[Event "Elit(Limhamn-SK Rockaden,Sthlm)"]
[Site "?"]
[Date "2022.03.19"]
[Round "4"]
[White "Kenneskog, Theodor"]
[Black "Haubro, Martin"]
[Result "1-0"]
[WhiteElo "2346"]
[BlackElo "2396"]
[PlyCount "107"]

1. e4 e5 2. Nf3 Nc6 3. Bb5 a6 4. Ba4 Nf6 5. O-O Be7 6. Re1 b5 7. Bb3 d6 8. c3
O-O 9. h3 Nb8 10. d4 Nbd7 11. Nbd2 Bb7 12. Bc2 Re8 13. Nf1 Bf8 14. Ng3 g6 15.
Bd2 exd4 16. cxd4 c5 17. d5 a5 18. Qc1 Ne5 19. Nxe5 Rxe5 20. Bf4 Re8 21. a4 Ba6
22. axb5 Bxb5 23. Bg5 Be7 24. f4 Nd7 25. Bxe7 Qxe7 26. Qd2 Qf6 27. b3 Ra7 28.
Kh2 Rea8 29. e5 dxe5 30. fxe5 Nxe5 31. Ne4 Qg7 32. Qf4 Nd3 33. Bxd3 Bxd3 34.
Nf6+ Kh8 35. Ne8 Qf8 36. Qe5+ f6 37. Nxf6 Qg7 38. Qe8+ Qf8 39. Qe5 Qg7 40. d6
Rf7 41. Qd5 Rd8 42. Ne8 Qf8 43. Rxa5 Bf5 44. Qe5+ Kg8 45. Rxc5 Bd7 46. Nc7 Rf5
47. Qd4 Rf6 48. Re7 Bc8 49. Qd5+ Kh8 50. Qe5 Kg8 51. Ne8 Rf7 52. Rcc7 Bd7 53.
Rcxd7 Rxd7 54. Rxd7 1-0

[Event "Elit(Kungstornet-Vasteras)"]
[Site "?"]
[Date "2022.03.19"]
[Round "4"]
[White "Glimbrant, Torbjorn"]
[Black "Bergstrom, Peter"]
[Result "0-1"]
[WhiteElo "2239"]
[BlackElo "2297"]
[PlyCount "74"]

1. d4 d5 2. c4 c6 3. Nf3 Nf6 4. e3 Bf5 5. Bd3 Bxd3 6. Qxd3 e6 7. O-O Nbd7 8.
Nc3 Bb4 9. Bd2 a5 10. a3 Be7 11. e4 Nc5 12. dxc5 dxe4 13. Qxd8+ Rxd8 14. Nxe4
Nxe4 15. Bxa5 Ra8 16. Bb4 Bxc5 17. Bxc5 Nxc5 18. b4 Na4 19. Rfd1 Ke7 20. Kf1 f6
21. Nd4 Rhd8 22. Nc2 e5 23. Ne3 Ke6 24. Rxd8 Rxd8 25. Rd1 Rxd1+ 26. Nxd1 e4 27.
Ke2 Ke5 28. Kd2 c5 29. Ne3 f5 30. g3 g5 31. Kc2 f4 32. Nd5 b5 33. gxf4+ gxf4
34. Nc3 Nxc3 35. Kxc3 e3 36. fxe3 f3 37. Kd2 bxc4 0-1

[Event "Elit(Limhamn-SK Rockaden,Sthlm)"]
[Site "?"]
[Date "2022.03.19"]
[Round "4"]
[White "Ziegler, Ari"]
[Black "Hedman, Erik"]
[Result "1/2-1/2"]
[WhiteElo "2323"]
[BlackElo "2368"]
[PlyCount "88"]

1. e4 d6 2. d4 Nf6 3. Nc3 e5 4. Nf3 Nbd7 5. Bc4 Be7 6. O-O O-O 7. a4 c6 8. h3
h6 9. Re1 Re8 10. Ba2 a5 11. Be3 exd4 12. Bxd4 Nf8 13. Qd2 Be6 14. Bxe6 Nxe6
15. Be3 Qc7 16. Rad1 Rad8 17. Qe2 Nd7 18. Nd4 Nxd4 19. Bxd4 Bf6 20. Bxf6 Nxf6
21. Qf3 Re6 22. Re3 Rde8 23. Rde1 Qb6 24. b3 Qc5 25. R1e2 h5 26. g3 g6 27. Kh2
Kg7 28. Kg1 Nh7 29. Kh2 Ng5 30. Qg2 d5 31. f4 d4 32. Rd3 dxc3 33. fxg5 Qxg5 34.
Rxc3 f5 35. Rce3 Qe7 36. e5 Qc5 37. Qf1 Rxe5 38. Qa1 Kf6 39. h4 Qd6 40. Qc3 b6
41. Rxe5 Rxe5 42. Rxe5 Qxe5 43. Qxc6+ Qe6 44. Qc3+ Kf7 1/2-1/2

[Event "Elit(Kungstornet-Vasteras)"]
[Site "?"]
[Date "2022.03.19"]
[Round "4"]
[White "Kretz, Johan"]
[Black "Henriksson, Johan"]
[Result "1/2-1/2"]
[WhiteElo "2221"]
[BlackElo "2220"]
[PlyCount "98"]

1. d4 d5 2. c4 c6 3. Nf3 Nf6 4. Nc3 a6 5. e3 g6 6. b4 Bg7 7. Bd3 O-O 8. O-O Bf5
9. Bxf5 gxf5 10. Qd3 Ne4 11. Bb2 e6 12. a4 Nd7 13. cxd5 cxd5 14. a5 b5 15. axb6
Qxb6 16. Na4 Qb5 17. Qxb5 axb5 18. Nc3 Nd6 19. Nd2 Nc4 20. Nxc4 bxc4 21. b5
Rfb8 22. Ba3 Bf8 23. Bxf8 Kxf8 24. f3 Ke7 25. h3 Kd6 26. Kf2 Nb6 27. Ke2 Rxa1
28. Rxa1 Ra8 29. Rb1 Na4 30. Nd1 Kc7 31. Kd2 h5 32. Ra1 Nb6 33. Rxa8 Nxa8 34.
Kc3 h4 35. Kb4 Nb6 36. Nc3 Nd7 37. e4 fxe4 38. fxe4 Nf6 39. exd5 Nxd5+ 40. Kxc4
Ne3+ 41. Kc5 Nxg2 42. d5 exd5 43. Nxd5+ Kb7 44. Kd6 Ne1 45. Ke5 Nd3+ 46. Kf6
Nf2 47. Kg5 Nxh3+ 48. Kxh4 Nf4 49. Nxf4 Kb6 1/2-1/2

[Event "Elit(Limhamn-SK Rockaden,Sthlm)"]
[Site "?"]
[Date "2022.03.19"]
[Round "4"]
[White "Trost, Edvin"]
[Black "Lindgren, Philip"]
[Result "0-1"]
[WhiteElo "2245"]
[BlackElo "2356"]
[PlyCount "94"]

1. d4 Nf6 2. c4 e6 3. Nc3 d5 4. cxd5 exd5 5. Bg5 c6 6. e3 Be7 7. Bd3 Nbd7 8.
Qc2 Nh5 9. Bxe7 Qxe7 10. Nge2 Nb6 11. O-O-O g6 12. Kb1 Ng7 13. Ng3 Be6 14. Na4
O-O-O 15. Nc5 Nd7 16. Qc3 Qf6 17. Rc1 Nxc5 18. Qxc5 Kb8 19. Rc3 Rc8 20. Ra3 b6
21. Qd6+ Rc7 22. f3 Rd8 23. Qb4 h5 24. Rc1 h4 25. Ne2 h3 26. g3 Qxf3 27. Nf4
Bf5 28. Ka1 Qxe3 29. Rac3 Qd2 30. R1c2 Qd1+ 31. Rc1 Qd2 32. R1c2 Qe1+ 33. Rc1
Qf2 34. Bb5 Qxh2 35. Bxc6 Qd2 36. a3 h2 37. Ka2 Be4 38. Bd7 Rdxd7 39. Qf8+ Kb7
40. Rxc7+ Rxc7 41. Rxc7+ Kxc7 42. Qxg7 Qc2 43. Qxf7+ Kb8 44. Qe8+ Kb7 45. a4
h1=Q 46. Qd7+ Qc7 47. Qxc7+ Kxc7 0-1

[Event "Elit(Kungstornet-Vasteras)"]
[Site "?"]
[Date "2022.03.19"]
[Round "4"]
[White "Larsson, Anders"]
[Black "Petersson, Baldur Teodor"]
[Result "1-0"]
[WhiteElo "2203"]
[BlackElo "2242"]
[PlyCount "71"]
[EventDate "2022.??.??"]

1. e4 e6 2. d4 d5 3. Nc3 Bb4 4. e5 Qd7 5. Bd2 b6 6. Nb5 Bxd2+ 7. Qxd2 Ne7 8.
Nf3 Ba6 9. a4 Kf8 10. Bd3 c6 11. Nd6 Nc8 12. Nxc8 Qxc8 13. O-O Nd7 14. Rfc1
Bxd3 15. Qxd3 g6 16. c4 Qb7 17. cxd5 cxd5 18. Ra3 Kg7 19. Rac3 Rhc8 20. h4 a6
21. Qc2 Rxc3 22. Qxc3 a5 23. h5 b5 24. Qe3 bxa4 25. h6+ Kg8 26. Qf4 Rc8 27. Ng5
Rxc1+ 28. Qxc1 Nf8 29. Kh2 Qe7 30. f4 f6 31. Qc5 Qd8 32. exf6 Qxf6 33. Qc7 Kh8
34. Qf7 Qxf7 35. Nxf7+ Kg8 36. Ne5 1-0

[Event "Elit(Limhamn-SK Rockaden,Sthlm)"]
[Site "?"]
[Date "2022.03.19"]
[Round "4"]
[White "Eklund, Joel"]
[Black "Bator, Robert"]
[Result "0-1"]
[WhiteElo "2279"]
[BlackElo "2356"]
[PlyCount "53"]

1. d4 d5 2. Bg5 h6 3. Bh4 c6 4. e3 Qb6 5. Qc1 e5 6. Nf3 exd4 7. exd4 Be7 8.
Bxe7 Nxe7 9. Bd3 Bg4 10. Nbd2 Bf5 11. Bxf5 Nxf5 12. O-O O-O 13. c3 Nd7 14. Qc2
g6 15. Rae1 c5 16. dxc5 Nxc5 17. Re5 Rad8 18. Rfe1 Ng7 19. b4 Nce6 20. Nb3 Rfe8
21. Qd2 Qc6 22. h4 Kh7 23. R1e3 f6 24. Nfd4 Qd6 25. Nb5 Qd7 26. Rxe6 Nxe6 27.
N3d4 0-1

[Event "Elit(Team Pelaro Alingsas-Vaxjo)"]
[Site "?"]
[Date "2022.03.19"]
[Round "4"]
[White "Fransson, Patrick"]
[Black "Berg, Emanuel"]
[Result "1-0"]
[WhiteElo "2150"]
[BlackElo "2532"]
[PlyCount "73"]
[EventDate "2022.??.??"]

1. d4 Nf6 2. Bg5 e6 3. e3 h6 4. Bh4 c5 5. c3 Nc6 6. Nf3 b6 7. Nbd2 Bb7 8. Bd3
g5 9. Bg3 Nh5 10. Be5 Nxe5 11. Nxe5 Nf6 12. O-O Rg8 13. e4 Qc7 14. f4 cxd4 15.
cxd4 gxf4 16. Rxf4 Bc5 17. dxc5 Qxe5 18. Qf1 Ng4 19. Nc4 Qxc5+ 20. Kh1 Ba6 21.
b4 Qh5 22. Rxg4 Rxg4 23. b5 Rh4 24. h3 Bxb5 25. Nd6+ Ke7 26. Bxb5 Kxd6 27. Rd1+
Ke7 28. Rxd7+ Kf8 29. Qf6 Kg8 30. Be2 Rxh3+ 31. gxh3 Qxh3+ 32. Kg1 Qe3+ 33. Kf1
Rf8 34. Rd3 Qg5 35. e5 Rc8 36. Kf2 a5 37. Rg3 1-0

[Event "Elit(LASK-Wasa)"]
[Site "?"]
[Date "2022.03.19"]
[Round "4"]
[White "Cramling, Pia"]
[Black "Kulaots, Kaido"]
[Result "1/2-1/2"]
[WhiteElo "2452"]
[BlackElo "2520"]
[PlyCount "56"]

1. Nf3 Nf6 2. c4 c5 3. Nc3 d5 4. cxd5 Nxd5 5. d4 Nxc3 6. bxc3 g6 7. e4 Bg7 8.
h3 O-O 9. Be2 Nc6 10. Be3 cxd4 11. cxd4 Qa5+ 12. Bd2 Qa3 13. d5 Ne5 14. O-O Bd7
15. Rb1 Ba4 16. Qc1 Qxa2 17. Rxb7 Rac8 18. Qe1 Rc2 19. Rxa7 Nxf3+ 20. Bxf3 Rxd2
21. Rxa4 Qb2 22. Ra7 Re8 23. Rb7 Qd4 24. Qb1 Be5 25. Rb4 Qc5 26. Rb5 Qd4 27.
Rb4 Qc5 28. Rb5 Qd4 1/2-1/2